000 00845cam a2200301 4500
001 2017534
003 ARRUPE
005 20131211020006.0
008 720104s1959 nyua b 001 0 eng
010 _a 59010997 /L
035 _a(OCoLC)ocm00190679
035 _a(NNC)2017534
040 _aDLC
_cWSU
_dOCL
_dSER
_dNLM
_dZCU
050 0 _aBF38
_b.M35
060 0 _aBF 38
_bM272L 1959
082 _a150.14
090 _aBF38
_b.M31 1959
100 1 _aMandler, George.
_95422
245 1 4 _aThe language of psychology
_c[by] George Mandler [and] William Kessen.
260 _aNew York,
_bWiley
_c[1959]
300 _a301 p.
_billus.
_c24 cm.
504 _aIncludes bibliography.
650 0 _aPsychology.
_920
650 2 _aPsychology.
_920
700 1 _aKessen, William,
_eauthor.
_95423
942 _2lcc
_cREFERENCE
_01
999 _c119171
_d119171